OpenCL Parallel Programming Development Cookbook (Record no. 214495)
[ view plain ]
| 000 -LEADER | |
|---|---|
| fixed length control field | 00461nam a2200169Ia 4500 |
| 008 - FIXED-LENGTH DATA ELEMENTS--GENERAL INFORMATION | |
| fixed length control field | 230714s9999 xx 000 0 und d |
| 020 ## - INTERNATIONAL STANDARD BOOK NUMBER | |
| International Standard Book Number | 9790000000000 |
| 041 ## - LANGUAGE CODE | |
| Language code of text/sound track or separate title | eng |
| 082 ## - DEWEY DECIMAL CLASSIFICATION NUMBER | |
| Classification number | 005.2'752 |
| Item number | TAY |
| 100 ## - MAIN ENTRY--PERSONAL NAME | |
| Personal name | Tay R. |
| 9 (RLIN) | 197234 |
| 245 ## - TITLE STATEMENT | |
| Title | OpenCL Parallel Programming Development Cookbook |
| 260 ## - PUBLICATION, DISTRIBUTION, ETC. (IMPRINT) | |
| Date of publication, distribution, etc. | 2014 |
| Name of publisher, distributor, etc. | SPD/Packt |
| 300 ## - PHYSICAL DESCRIPTION | |
| Extent | 286 |
| 365 ## - TRADE PRICE | |
| Currency code | Rs. |
| Price amount | 600.00 |
| 700 ## - ADDED ENTRY--PERSONAL NAME | |
| Personal name | Tay R. |
| 9 (RLIN) | 197234 |
| 906 ## - LOCAL DATA ELEMENT F, LDF (RLIN) | |
| d | O:0436505-Dec-2014B:698814-Nov-2014 |
| c | COMP |
| b | 450 |
No items available.